The appeal of going Dutch (Record no. 64428)
[ view plain ]
| 000 -LEADER | |
|---|---|
| fixed length control field | 01050cam a2200229 4500 |
| 001 - CONTROL NUMBER | |
| control field | ABS62740 |
| 008 - FIXED-LENGTH DATA ELEMENTS--GENERAL INFORMATION | |
| fixed length control field | 000000n2000 000 0 eng u |
| 035 ## - SYSTEM CONTROL NUMBER | |
| System control number | (Sirsi) u107855 |
| 100 ## - MAIN ENTRY--PERSONAL NAME | |
| Personal name | Murray, K. |
| 245 #4 - TITLE STATEMENT | |
| Title | The appeal of going Dutch |
| 260 ## - PUBLICATION, DISTRIBUTION, ETC. | |
| Date of publication, distribution, etc. | 2000 |
| 490 ## - SERIES STATEMENT | |
| Series statement | Housing Today |
| Volume/sequential designation | (195) 3 August 2000, 14-15(2) |
| 520 ## - SUMMARY, ETC. | |
| Summary, etc. | Looks at the 'Delft Model' for dealing with housing allocations and considers whether it would work in the UK. The model works on the simple premise that vacant local authority housing is advertised in free newspapers rather than people going on a waiting list. In Holland, this system reduced the waiting list by two thirds as it showed that many people on the waiting list no longer wanted a property. It also allowed applicants more choice in the home they were allocated. |
| 590 ## - LOCAL NOTE (RLIN) | |
| Local note | ABS |
| 650 ## - SUBJECT ADDED ENTRY--TOPICAL TERM | |
| Topical term or geographic name entry element | NETHERLANDS |
| 650 ## - SUBJECT ADDED ENTRY--TOPICAL TERM | |
| Topical term or geographic name entry element | DELFT MODEL |
| 650 ## - SUBJECT ADDED ENTRY--TOPICAL TERM | |
| Topical term or geographic name entry element | SOCIAL HOUSING |
| 650 ## - SUBJECT ADDED ENTRY--TOPICAL TERM | |
| Topical term or geographic name entry element | HOUSING ALLOCATIONS |
| 650 ## - SUBJECT ADDED ENTRY--TOPICAL TERM | |
| Topical term or geographic name entry element | REGISTERED SOCIAL LANDLORDS |
| 690 ## - LOCAL SUBJECT ADDED ENTRY--TOPICAL TERM (OCLC, RLIN) | |
| Topical term or geographic name as entry element | Affordable housing |
| 9 (RLIN) | 6215 |
| 942 ## - ADDED ENTRY ELEMENTS (KOHA) | |
| Suppress in OPAC | 0 |
| Withdrawn status | Lost status | Source of classification or shelving scheme | Damaged status | Not for loan | Home library | Current library | Shelving location | Date acquired | Total Checkouts | Full call number | Barcode | Date last seen | Copy number | Price effective from | Koha item type |
|---|---|---|---|---|---|---|---|---|---|---|---|---|---|---|---|
| Dewey Decimal Classification | London | London | Journal article | 17/08/2000 | ABS62740 | 107855-1001 | 06/08/2019 | 1 | 06/08/2019 | Journal article |